Letter Swap Quiz Stats

 Plays Quiz Updated May 13, 2013

Also try: Letter Swap II
Challenge
Share
Tweet
Embed
Score 0/36 Timer 06:00
3 Plays Today
original word new word % Correct
quietquite
96%
prefectperfect
93.9%
vampiervampire
82.7%
gradsdrags
78.5%
exits exist
77.4%
gooberbooger
77.2%
blatsblast
75%
closetsclosest
74.2%
pilerplier
73.2%
dealerleader
67.9%
farmerframer
66.9%
deducesseduced
59.6%
rampeddamper
59.3%
defuserrefused
58.5%
martialmarital
58.1%
snoopedspooned
58%
delayerrelayed
57.5%
ulsterluster
54.6%
original word new word % Correct
calkedlacked
53.6%
retriedretired
52.8%
beraterebate
48%
waningawning
47.6%
unclearnuclear
45.7%
potionoption
45.2%
bleatedbelated
43.8%
reversereserve/reveres
41.3%
altitudelatitude
41.1%
revilerelive
39.2%
doobiesboodies
37.4%
fistedsifted
36.2%
barlessbraless
31.3%
getawaygateway
30%
cantoncannot
24.1%
yearendyearned
24.1%
rectifycertify
23.3%
ensuredendures
18.8%

You're not logged in!

Compare scores with friends on all Sporcle quizzes.
OR
Log In

You Might Also Like...

Show Comments

Extras

Top Quizzes Today


Score Distribution

Your Account Isn't Verified!

In order to create a playlist on Sporcle, you need to verify the email address you used during registration. Go to your Sporcle Settings to finish the process.

Report this User

Report this user for behavior that violates our Community Guidelines.

Details: